00809nam a2200253 a 4500001001300000003000900013005001700022008004100039020001300080082002000093100001600113245007300129260003800202300000800240500003500248505004600283650001900329650002300348700001600371902000800387942000700395952013600402999001700538nice12345678IN_TiNIC20260116013858.0050524s1995 cara grp 000 0 eng  ac535.3300a305.402208bFRA aFrance, R T aWomen in the Church`s Ministryb Test-Case for Biblical Hermeneutics aCarlislebPaternoster Pressc1995 a96p aincludes index and biblioraphy2 aBibliography, Subject Index, Author Index aWomen in Bible aBible-Hermeneutics1 aFrance, R T bSRS cBK 001040708StackRoom-aHMIbHMId2007-03-21g535.33l6m1o305.402208 FRAp019997r2022-10-31s2022-09-29v535.33w2005-05-24yBK c12931d12931